Demarcaciones Territoriales de la Ciudad de México - Estadísticas

Estadísticas generales
  • Esta prueba ha sido intentada 12 veces
  • La puntuación promedio es 13 de 16
Respuestas en el mapa
Las respuestas están codificadas por una escala verde-roja en el mapa de la prueba según el % correcto abajo.
 
Estadísticas de respuestas
Respuesta % Correcto
Álvaro Obregón
91%
Benito Juárez
91%
Coyoacán
91%
Miguel Hidalgo
91%
Milpa Alta
91%
Tlalpan
91%
Cuauhtémoc
82%
Gustavo A. Madero
82%
Iztacalco
82%
Iztapalapa
82%
Xochimilco
82%
La Magdalena Contreras
73%
Tláhuac
73%
Venustiano Carranza
73%
Azcapotzalco
55%
Cuajimalpa de Morelos
55%
No se encontraron pruebas coincidentes
Distribución de puntuación
Porcentaje de gente con cada puntuación
Porcentaje por número respondido
Historial de tus puntuaciones
No has intentado esta prueba.